Control Systems for Engineers theory and worked examples (Record no. 12184)
[ view plain ]
| 000 -LEADER | |
|---|---|
| fixed length control field | 00362nam a22001457a 4500 |
| 020 ## - INTERNATIONAL STANDARD BOOK NUMBER | |
| ISBN | 97896948447 |
| 082 ## - DEWEY DECIMAL CLASSIFICATION NUMBER | |
| Classification number | 629.83 |
| 100 ## - MAIN ENTRY--AUTHOR NAME | |
| Personal name | S K Hasnain |
| 245 ## - TITLE STATEMENT | |
| Title | Control Systems for Engineers theory and worked examples |
| 250 ## - EDITION STATEMENT | |
| Edition statement | First Edition |
| 260 ## - PUBLICATION, DISTRIBUTION, ETC. (IMPRINT) | |
| Place of publication | Karachi |
| Name of publisher | Paramount |
| Year of publication | 2011 |
| 300 ## - PHYSICAL DESCRIPTION | |
| Number of Pages | 553 |
| 650 ## - SUBJECT ADDED ENTRY--TOPICAL TERM | |
| Topical Term | Electrical Engineering |
| 942 ## - ADDED ENTRY ELEMENTS (KOHA) | |
| Koha item type | Books |
| Withdrawn status | Lost status | Collection code | Permanent Location | Current Location | Shelving location | Date acquired | Full call number | Accession Number | Koha item type |
|---|---|---|---|---|---|---|---|---|---|
| | | CSE | MAJU | MAJU | Shelf No.A31 | 2019-12-07 | 629.83 | 9457 | Computer System Engineering |